Loading...
| Science - Chemistry | 0 | 11 | 0 | 1 | 110 | 14 | 44.18 | 7 | 8 |
| History - European History | 0 | 7 | 0 | 1 | 70 | 39 | 81.57 | 1 | 2 |
| Science - Biology | 0 | 7 | 0 | 0 | 70 | 27 | 70.86 | 1 | 3 |
| Science - Other Science | 0 | 7 | 1 | 1 | 65 | 68 | 81.57 | 0 | 3 |
| Painting/Sculpture | 0 | 7 | 2 | 1 | 60 | 37 | 81.14 | 1 | 2 |
| Fine Arts - Classical Music | 0 | 6 | 0 | 2 | 60 | 79 | 94.67 | 0 | 3 |
| History - World History | 0 | 6 | 0 | 0 | 60 | 24 | 75.50 | 1 | 2 |
| Science - Physics | 0 | 6 | 0 | 0 | 60 | 39 | 70.17 | 1 | 3 |
| Literature - British Literature | 0 | 6 | 0 | 0 | 60 | 89 | 106.50 | 0 | 2 |
| Religion | 0 | 5 | 1 | 1 | 45 | 70 | 92.60 | 0 | 0 |
| Philosophy | 0 | 4 | 0 | 0 | 40 | 94 | 106.00 | 0 | 0 |
| Fine Arts - Other Fine Arts | 0 | 5 | 2 | 2 | 40 | 46 | 94.40 | 1 | 1 |
| Social Science | 0 | 4 | 0 | 2 | 40 | 52 | 81.50 | 0 | 2 |
| Literature - World Literature | 0 | 3 | 0 | 0 | 30 | 73 | 102.33 | 0 | 0 |
| Geography | 0 | 3 | 0 | 2 | 30 | 105 | 108.00 | 0 | 1 |
| History - Other History | 0 | 3 | 0 | 1 | 30 | 95 | 104.00 | 0 | 0 |
| Literature - European Literature | 0 | 3 | 1 | 0 | 25 | 83 | 104.67 | 0 | 0 |
| Current Events | 0 | 2 | 1 | 0 | 15 | 31 | 51.00 | 1 | 2 |
| History - American History | 0 | 2 | 1 | 2 | 15 | 97 | 98.50 | 0 | 0 |
| Pop Culture | 0 | 1 | 0 | 0 | 10 | 40 | 40.00 | 0 | 1 |
| Mythology | 0 | 1 | 0 | 0 | 10 | 80 | 80.00 | 0 | 0 |
| Literature - American Literature | 0 | 1 | 0 | 0 | 10 | 102 | 102.00 | 0 | 0 |